01316nam a2200253 a 450000100100000000500170001000800410002702000180006804000250008610000450011124501140015625000110027026000610028130000200034249000210036250000570038383000280044095201210046895201200058995201200070995201050082995201110093499900170104500003969220201002033701.0130716s2012 dr 000 0 spa d a9789945491036 aDO-SdBNPbspacBNPHU1 aRosa Carpio, Ramón Benito de la96544910aRenovación carismática :bsé fiel a ti misma madura y organizate /cRamón Benite de la Rosa y Carpio. a2a ed. aSantiago de los Caballeros :bPalabra Multimedia,c2012. a49 p. ;c23 cm.1 aLibro de la Rosa aIncluye datos biográficos del autor en las solapas 0aLibro de la Rosa965885 001155708DSaGRbGRcMId2013-07-16iLF1l0o p39692-30r2020-06-25te. 3w2020-06-25yLFDSZPréstamo especial 001154708DSaGRbGRcMId2015-01-12iLF1l0o p39692-40r2020-06-25te. 4w2020-06-25yLFDSZPréstamo en sala 001154708DSaGRbGRcMId2015-01-12iLF1l0o p39692-50r2020-06-25te. 5w2020-06-25yLFDSZPréstamo en sala 0010718PDaPDbPDcHDd2013-07-16iLF1l0o p39692-10r2020-06-25w2020-06-25yLFPDZNo se presta 0010718PDaPDbPDcHDd2013-07-16iLF1l0o p39692-20r2020-06-25te. 2w2020-06-25yLFPDZNo se presta c39182d39182